Catàleg del Col·legi de Periodistes de Catalunya

Estatutos para regimen y gobierno de los colegios de arquitectos. (Registre núm. 6882)

000 -CABECERA
Longitud fija campo de control 00444nam a22001337a 4500
003 - IDENTIFICADOR DEL NÚMERO DE CONTROL
Identificador del número de control OSt
005 - FECHA Y HORA DE LA ÚLTIMA TRANSACCIÓN
Fecha y hora de la última transacción 20150729121351.0
008 - CÓDIGOS DE INFORMACIÓN DE LONGITUD FIJA
Códigos de información de longitud fija 150729s1960 sp ||||| |||| 00| 0 spa d
040 ## - FUENTE DE LA CATALOGACIÓN
Lengua de catalogación cat
Centro transcriptor CPC Girona
245 ## - MENCIÓN DE TÍTULO
Título Estatutos para regimen y gobierno de los colegios de arquitectos.
Resto del título Reglamento de regimen interno
260 ## - PUBLICACIÓN, DISTRIBUCIÓN, ETC. (PIE DE IMPRENTA)
Lugar de publicación, distribución, etc. Barcelona
Nombre del editor, distribuidor, etc. Colegio Oficial de Arquitectos de Cataluña y Baleares
Fecha de publicación, distribución, etc. 1960
300 ## - DESCRIPCIÓN FÍSICA
Extensión 62p.
Dimensiones 15,7cm.
942 ## - ENTRADA DE ELEMENTOS AGREGADOS (KOHA)
Fuente de clasificaión o esquema
Koha [por defecto] tipo de item Fullets
Fons
Suprimido Perdido Estropeado No para préstamo Localización permanente Localización actual Fecha adquisición Préstamos totales Signatura completa Código de barras Fecha última consulta Fecha del precio de reemplazo Tipo de item de Koha
        CPC Girona CPC Girona 2015-07-29   Ac 1060 GIRONA15070181 2015-07-29 2015-07-29 Fullets

Implantat amb Koha